LEADER 00387nab a2200133 i 4500 001 000000288269 003 CaOOAMICUS 005 20180831165406.0 008 180831n xx uu u0 0und r 013 $a42337 040 $aSeMil$bita 245 10$a[vedi periodico]. 773 0 $t[2015 : 4].$dLeiden ; Boston : Brill, copyr. 2015.$w()246480 996 $6245$a[vedi periodico]$9(OLS)http://semarc/title/309439 LEADER 00699nam a2200193 i 4500 001 000000182802 003 CaOOAMICUS 005 20091030000000.0 008 091030n it u000 u ita u 013 $a160763 040 $aSeMil$bita 245 10$aBasi comuni, Basi discordanti, Aspetti pastorali. 300 $a213 p. 490 0 $aQuaderni Asal ;$v23. 773 0 $tLiberazione.$dRoma : ASAL, 1976.$kQuaderni Asal$g1$w()22321 830 0$aQuaderni Asal ;$v23.$0(OLS)http://semarc/title/11326 850 $aSeMil 852 $aSeMil$W1$xVenegono$y1$m3E I 218$j133506$B133506$CSeMilBibl$Z2$F145268 $81 996 $6245$aBasi comuni, Basi discordanti, Aspetti pastorali$9(OLS)http://semarc/title/262310